Statistics for Prussian Kings

Click here to take the quiz!

General Stats

  • This quiz has been taken 150 times
  • The average score is 7 of 7

Answer Stats

ReignMonarch% Correct
1701-1713Frederick I
97%
1740-1786Frederick II
97%
1713-1740Frederick William I
92%
1786-1797Frederick William II
92%
1797-1840Frederick William III
92%
1840-1861Frederick William IV
92%
1861-1871William I
90%

Score Distribution

Percentile by Number Answered

Percent of People with Each Score

Your Score History

You have not taken this quiz